Introduction to modern physics : (Record no. 504)

MARC details
000 -LEADER
fixed length control field 01181cam a2200289 i 4500
001 - CONTROL NUMBER
control field 18026275
003 - CONTROL NUMBER IDENTIFIER
control field OSt
005 - DATE AND TIME OF LATEST TRANSACTION
control field 20250420134813.0
008 - FIXED-LENGTH DATA ELEMENTS--GENERAL INFORMATION
fixed length control field 140131t20132013njua b 001 0 eng c
010 ## - LIBRARY OF CONGRESS CONTROL NUMBER
LC control number 2013444478
020 ## - INTERNATIONAL STANDARD BOOK NUMBER
International Standard Book Number 9789814520317
035 ## - SYSTEM CONTROL NUMBER
System control number (OCoLC)ocn849787558
040 ## - CATALOGING SOURCE
Original cataloging agency YDXCP
Language of cataloging eng
Transcribing agency KCST
050 00 - LIBRARY OF CONGRESS CALL NUMBER
Classification number QC32
Item number .A555 2013
082 ## - DEWEY DECIMAL CLASSIFICATION NUMBER
Classification number 530
Item number Am In
100 1# - MAIN ENTRY--PERSONAL NAME
Personal name Amore, Paolo,
Dates associated with a name 1968-
Relator term author.
9 (RLIN) 4738
245 10 - TITLE STATEMENT
Title Introduction to modern physics :
Remainder of title solutions to problems /
Statement of responsibility, etc. Paolo Amore, Universidad de Colima, Mexico, John Dirk Walecka, College of William and Mary, USA.
260 ## - PUBLICATION, DISTRIBUTION, ETC.
Place of publication, distribution, etc. [Hackensack,] New Jersey :
Name of publisher, distributor, etc. World Scientific,
Date of publication, distribution, etc. 2013.
300 ## - PHYSICAL DESCRIPTION
Extent viii, 326 pages L
Other physical details illustrations ;
Dimensions 23 cm
500 ## - GENERAL NOTE
General note "The present book provides solutions to the over 175 problems in "Introduction to modern physics: theoretical foundations"--Page 4 of cover.
504 ## - BIBLIOGRAPHY, ETC. NOTE
Bibliography, etc. note Includes bibliographical references (pages 319-320) and index.
650 #0 - SUBJECT ADDED ENTRY--TOPICAL TERM
Topical term or geographic name entry element Physics
Form subdivision Problems, exercises, etc.
9 (RLIN) 4739
700 1# - ADDED ENTRY--PERSONAL NAME
Personal name Walecka, John Dirk,
Dates associated with a name 1932-
Relator term author.
9 (RLIN) 4740
700 1# - ADDED ENTRY--PERSONAL NAME
Personal name Walecka, John Dirk,
Dates associated with a name 1932-
Title of a work Introduction to modern physics.
9 (RLIN) 4741
942 ## - ADDED ENTRY ELEMENTS (KOHA)
Koha item type Book
942 ## - ADDED ENTRY ELEMENTS (KOHA)
Source of classification or shelving scheme Dewey Decimal Classification
Holdings
Withdrawn status Lost status Source of classification or shelving scheme Damaged status Not for loan Home library Current library Date acquired Cost, normal purchase price Total checkouts Full call number Barcode Date last seen Price effective from Koha item type
    Dewey Decimal Classification     KCST Library KCST Library 26/07/2020 14.43   530 Am In 1000000613 26/07/2020 26/07/2020 Book
© 2025 KCST. All rights reserved